| 000 | 00389pam a2200157a 44500 | ||
|---|---|---|---|
| 008 | 230515b1985 xxu||||| |||| 00| 0 eng d | ||
| 020 | _aNULL | ||
| 041 | _aENGL | ||
| 082 | _a923 PHA | ||
| 100 | _a"PHADAKE B.," | ||
| 245 | _aDR.BABASAHEB AMBEDAKAR (MARATHI) | ||
| 250 | _a0 | ||
| 260 |
_aPUNE _bVIDYA PRAKASHAN _c1985 |
||
| 300 | _aNULL | ||
| 650 | _a"BIOGRAPHY,AUTOBIOGRAPHY,AMBEDKAR" | ||
| 999 |
_c537295 _d537295 |
||